| 000 | nam a22 7a 4500 | ||
|---|---|---|---|
| 999 |
_c332142 _d332142 |
||
| 003 | NUST | ||
| 005 | 20171115103124.0 | ||
| 008 | 171115b xxu||||| |||| 00| 0 eng d | ||
| 040 | _c0 | ||
| 082 | _a628.4 WUL | ||
| 100 |
_aWulfinghoff,Max _96373 |
||
| 245 |
_aWastes-Solids, Liquids and Gases: _bA symposium presented at the last two achema meetings:1967.1970 frankfurt/main,Germany _cMax Wulfinghoff |
||
| 260 |
_aNew York _bChemical Publishing _c1974 |
||
| 300 | _a432p. | ||
| 500 | _aH.B | ||
| 942 |
_2ddc _cBK _kIESE |
||